Actuarial models for disability insurance / (Record no. 31728)

000 -LEADER
fixed length control field 01085pam a2200277 a 4500
001 - CONTROL NUMBER
control field 4981855
005 - DATE AND TIME OF LATEST TRANSACTION
control field 20230724132430.0
008 - FIXED-LENGTH DATA ELEMENTS--GENERAL INFORMATION
fixed length control field 980925s1999 flua b 001 0 eng
010 ## - LIBRARY OF CONGRESS CONTROL NUMBER
LC control number 98043262
020 ## - INTERNATIONAL STANDARD BOOK NUMBER
International Standard Book Number 0849303893 (alk. paper)
040 ## - CATALOGING SOURCE
Original cataloging agency DLC
Transcribing agency DLC
Modifying agency DLC
050 00 - LIBRARY OF CONGRESS CALL NUMBER
Classification number HD 7105.2 .H37 1999
082 00 - DEWEY DECIMAL CLASSIFICATION NUMBER
Classification number 368.38/601
Edition number 21
100 1# - MAIN ENTRY--PERSONAL NAME
Personal name Haberman, Steven,
Dates associated with a name 1951-
245 10 - TITLE STATEMENT
Title Actuarial models for disability insurance /
Statement of responsibility, etc. S. Haberman, E. Pitacco.
260 ## - PUBLICATION, DISTRIBUTION, ETC. (IMPRINT)
Place of publication, distribution, etc. Boca Raton, FL :
Name of publisher, distributor, etc. Chapman & Hall,
Date of publication, distribution, etc. c1999.
300 ## - PHYSICAL DESCRIPTION
Extent xviii, 280 p. :
Other physical details ill. :
Dimensions 24 cm.
504 ## - BIBLIOGRAPHY, ETC. NOTE
Bibliography, etc Includes bibliographical references (p. [265]-274) and index.
650 #0 - SUBJECT ADDED ENTRY--TOPICAL TERM
Topical term or geographic name as entry element Disability insurance
General subdivision Statistical methods.
650 #0 - SUBJECT ADDED ENTRY--TOPICAL TERM
Topical term or geographic name as entry element Actuarial science.
700 1# - ADDED ENTRY--PERSONAL NAME
Personal name Pitacco, Ermanno.
856 42 - ELECTRONIC LOCATION AND ACCESS
Materials specified Publisher description
Uniform Resource Identifier <a href="http://www.loc.gov/catdir/enhancements/fy0744/98043262-d.html">http://www.loc.gov/catdir/enhancements/fy0744/98043262-d.html</a>
906 ## - LOCAL DATA ELEMENT F, LDF (RLIN)
a 7
b cbc
c orignew
d 1
e ocip
f 19
g y-gencatlg
942 ## - ADDED ENTRY ELEMENTS (KOHA)
Source of classification or shelving scheme
Koha item type Hard Covered Materials
Classification part HD 7105.2 .H37 1999
Holdings
Withdrawn status Lost status Source of classification or shelving scheme Damaged status Not for loan Home library Current library Shelving location Date acquired Source of acquisition Total Checkouts Full call number Barcode Date last seen Price effective from Koha item type
          MACHAKOS UNIVERSITY LIBRARY MACHAKOS UNIVERSITY LIBRARY Open shelf 24/07/2023 Donation (falcon books)   HD 7105.2 .H37 1999 39454 03/07/2023 24/07/2023 Hard Covered Materials
© Machakos University Library, Along The Highway, Machakos Wote Rd, Machakos, Kenya P.O. Box 136 - 90100 Machakos - Kenya

Tel: ( +254 ) 723 805829 OR Fax : 044-20353 OR Email: library@mksu.ac.ke